Obálka Náhled e-knihy:
PDF Epub
Pro půjčování e-knih musíte být přihlášeni.
Jak si půjčit online?

Olaf /

Dva krátké pohádkové příběhy inspirované oblíbeným animovaným filmem z dílny W. Disneyho.

Uloženo v:
Hlavní autor: Parent, Nancy (Autor)
Další autoři: Maruyama, Jerrod (Autor), Parent, Nancy. (Ilustrátor)
Médium: E-kniha
Jazyk:Slovak
Vydáno: V Prahe : Egmont, 2022
Vydání:Prvé vydanie
Edice:Disney. Maličké rozprávky
Témata:
Tagy:
Žádné tagy
LEADER 02201nam a2200541 i 4500
001 312407
003 CZ PrSKC
005 20260601215722.0
007 ta
008 220914s2022 xr a a 000 j slo
015 |a cnb003443180 
020 |a 9788025252239  |q (vázáno) 
035 |a (OCoLC)1347066218 
040 |a ABG001  |b cze  |d ABA001  |e rda 
041 1 |a slo  |h eng 
072 7 |a 821-93  |x Literatura pro děti a mládež (beletrie)  |2 Konspekt 
080 |a 821-32  |2 MRF 
080 |a 821-93  |2 MRF 
080 |a (0:82-32)  |2 MRF 
100 1 |a Parent, Nancy  |7 xx0168471  |4 aut 
245 1 0 |a Olaf /  |c Nancy Parent, Jerrod Maruyama 
250 |a Prvé vydanie 
264 1 |a V Prahe :  |b Egmont,  |c 2022 
300 |a 55 stran :  |b barevné ilustrace ;  |c 16 cm 
336 |a text  |b txt  |2 rdacontent 
336 |a statický obraz  |b sti  |2 rdacontent 
337 |a bez média  |b n  |2 rdamedia 
338 |a svazek  |b nc  |2 rdacarrier 
490 1 |a Disney. Maličké rozprávky 
500 |a Přeloženo z angličtiny 
500 |a Napsala Nancy Parent ; ilustrace Jerrod Maruyama 
505 0 0 |t Olaf a čarovné sane --  |t Palacinky 
520 2 |a Dva krátké pohádkové příběhy inspirované oblíbeným animovaným filmem z dílny W. Disneyho. 
521 8 |a Pro děti od 2 let 
655 7 |a příběhy  |7 fd133204  |2 czenas 
655 7 |a publikace pro děti  |7 fd133156  |2 czenas 
655 9 |a stories  |2 eczenas 
655 9 |a children's literature  |2 eczenas 
700 1 |a Maruyama, Jerrod  |7 xx0234000  |4 ill 
700 1 2 |a Parent, Nancy.  |t Olaf and the magic sled.  |l Slovensky 
700 1 2 |a Parent, Nancy.  |t Anna cooks French crepes.  |l Slovensky 
830 0 |a Disney.  |p Maličké rozprávky 
900 |a ABA001  |b 20 
928 9 |a Albatros Media - Egmont 
044 |a xr 
910 |a RBIT002 
998 |d 405980  |a https://core.palmknihy.cz/api/books/405980/cover?seqgox  |b https://core.palmknihy.cz/api/books/405980/cover/400?seqgox  |c https://core.palmknihy.cz/api/books/405980/cover/50?seqgox  |e 2026-12-31  |g 56  |i 9788025252239  |j https://core.palmknihy.cz/api/books/405980/preview.epub  |k https://core.palmknihy.cz/api/books/405980/preview.pdf  |l   |q 49  |r 1  |s https://www.palmknihy.cz/kniha/405980  |t ebook  |y 2022  |z 0 
999 |d 312405